000 01814nam a22003251i 4500
003 OSt
005 20210207233209.0
008 210207r20202019enkbo||gr|||| 001 0 eng d
020 _a9781784163259
_cRM 57.95
_qpaperback
040 _aPPAK
_beng
_cPPAK
_erda
082 2 3 _223
_a306.3
090 _a360.3
_bDAV
_dG
100 1 _aDavies, Richard
_c(Economics adviser)
_eauthor.
245 1 0 _aEXTREME ECONOMIES :
_bWhat Life at the World's Margins Can Teach Us About Our Own Future /
_cRICHARD DAVIES.
250 _aBlack Swan edition
264 1 _aLondon :
_bTransworld Publishers, an imprint of Penguin Books,
_c2020
264 4 _c©2019
300 _a398 pages , 8 unnumbered pages of plates :
_bmaps, colour photographs ;
_c20 cm
336 _atext
_2rdacontent
336 _acartographic image
_2rdacontent
336 _astill image
_2rdacontent
337 _aunmediated
_2rdamedia
338 _avolume
_2rdacarrier
500 _aBlack Swan Edition published in 2020.
504 _aIncludes bibliographical references and index.
520 _aTo predict our future, we must look to the extremes. So argues the economist Richard Davies, who takes readers to the margins of the modern economy and beyond. These extreme economies illustrate the forces that test human resilience, drive societies to failure, and promise to shape our collective future. Reviving a foundational idea from the medical sciences, Extreme Economies turns the logic of modern economics on its head by arguing that these outlier societies can teach us more about our own than we might imagine. By adapting to circumstances unimaginable to most of us, the people in these societies are pioneering the economic infrastructure of the future.
650 2 0 _aEconomics
_xSociological aspects.
650 2 0 _aEconomic
942 _2ddc
_cB
999 _c181855
_d181855